The human impact : on the natural environment
Αποθηκεύτηκε σε:
| Κύριος συγγραφέας: | |
|---|---|
| Μορφή: | Βιβλίο |
| Γλώσσα: | English |
| Δημοσίευση: |
Oxford :
Blackwell,
2000
|
| Έκδοση: | 5th ed. |
| Θέματα: | |
| Ετικέτες: |
Προσθήκη ετικέτας
Δεν υπάρχουν, Καταχωρήστε ετικέτα πρώτοι!
|
MARC
| LEADER | 00000nam a2200000 i 4500 | ||
|---|---|---|---|
| 001 | 1/46165 | ||
| 008 | 031216s2000 eng d | ||
| 020 | |a 0-631-19977-2 | ||
| 035 | |l 10071852 | ||
| 040 | |a GR-MY-UA |b gre |e aacr | ||
| 041 | 0 | |a eng | |
| 082 | 0 | |a 304.2 | |
| 100 | 1 | |a Goudie, Andrew. | |
| 245 | 1 | 4 | |a The human impact : |b on the natural environment / |c Andrew Goudie |
| 250 | |a 5th ed. | ||
| 260 | |a Oxford : |b Blackwell, |c 2000 | ||
| 300 | |a xvi, 511 σ.; |b εικ., πίν.; |c 26 εκ. | ||
| 504 | |a Περιέχει βιβλιογραφικές παραπομπές και ευρετήριο | ||
| 650 | 0 | 0 | |a Nature |x Effect of human beings on. |
| 852 | |a INST |b LESVOS |e 20031216 |h 304.2 GOU |p 005100030919 |q 005100030919 |t BK |y 0 | ||
| 901 | |a BIBL1-2003-3 | ||
| 909 | |a Λ |b 106782 | ||
| 922 | |a 1ΕΛΗ |b 200310 |c ΕΠΕΑΕΚ2/ΤΓ |d ΜΙΧΑΛΟΠΟΥΛΟΣ | ||
| 950 | |a 118-2003-09-17 | ||
| 970 | |a ΧΡΙΣΤΟΦΑ |b ΝΙΚΗ |z 2003/12/16 | ||